[Event "Prague Festival Masters 2021"]
[Site "Prague"]
[Date "2021.06.16"]
[Round "3.4"]
[White "Navara, David"]
[Black "Shankland, Sam"]
[Result "0-1"]
[WhiteElo "2697"]
[BlackElo "2691"]
[Annotator "TA"]
[PlyCount "69"]
[EventDate "2021.06.13"]
[EventType "tourn"]
[EventCountry "CZE"]
[SourceTitle "playchess.com"]
[Source "ChessBase"]
[SourceQuality "1"]

{[%evp 10,69,0,14,19,20,12,-2,1,-14,-2,0,0,-6,0,-16,0,-9,0,-6,8,-17,-14,-27,-22,-31,-37,-39,-41,-30,-40,-43,-37,-49,-47,-52,-46,-55,-39,-37,-19,-83,-74,-206,-209,-195,-212,-346,-341,-325,-274,-279,-282,-470,-256,-255,-255,-245,-238,-29977,-29978,-29985]} 1. c4 e5 2. Nc3 Nf6 3. Nf3 Nc6 4. g3 d5 5. cxd5 Nxd5 6. Bg2 Bc5 {A29: English Opening: Four Knights Variation with 4 g3.} 7. O-O O-O 8. d3 Re8 {The position is equal.} 9. Bg5 Nxc3 10. bxc3 f6 11. Bc1 Be6 12. Bb2 Bf8 {[#]} 13. Qc2 $146 ({Predecessor:} 13. a4 Qd7 14. d4 Rad8 15. a5 Bc4 16. Nd2 Bf7 17. e3 b6 18. axb6 cxb6 19. Qb1 {1-0 (41) Duda,J (2729)-Caruana,F (2819) Paris 2019}) 13... Qd7 14. Rfd1 Qf7 15. e4 Na5 16. Nd2 Rad8 17. d4 c6 18. f4 exf4 19. gxf4 f5 20. e5 c5 21. Nf3 Be7 22. Kh1 Nc4 {Hoping for ...Ne3.} 23. Qe2 Qh5 24. a4 Nb6 25. dxc5 (25. a5 $11 Nd5 26. Qd2) 25... Bxc5 $17 26. Qb5 {This costs White the game.} (26. a5 $17 {was worth a try.} Rxd1+ 27. Rxd1) 26... Be3 $1 $19 27. Rxd8 Rxd8 28. a5 (28. Ba3 {might work better.}) 28... Nc4 29. a6 bxa6 ({Wrong is} 29... Bxf4 $2 30. axb7 Rb8 31. Qc6 $1 $18) 30. Qxa6 Bd5 31. Rd1 $2 {[#]} (31. Nd4 Bxg2+ 32. Kxg2 Nxb2 33. Qa2+ Kh8 34. Qxb2) 31... Bd2 $1 $40 {[%mdl 640] Black goes for the king.} 32. Bc1 {[#]} Kh8 $1 33. Rxd2 Nxd2 34. Qa5 $2 (34. Nxd2 $19 Bxg2+ 35. Kxg2 Qg4+ {[%mdl 64] Double Attack} 36. Kf2 Qxf4+ {[%mdl 64] Double Attack} 37. Kg2) 34... Rd7 35. Bxd2 {Weighted Error Value: White=0.44/Black=0.13} 0-1

[Event "Prague Festival Masters 2021"]
[Site "Prague"]
[Date "2021.06.17"]
[Round "4.1"]
[White "Van Foreest, Jorden"]
[Black "Grandelius, Nils"]
[Result "1/2-1/2"]
[WhiteElo "2701"]
[BlackElo "2670"]
[Annotator "TA"]
[PlyCount "90"]
[EventDate "2021.06.13"]
[EventType "tourn"]
[EventCountry "CZE"]
[SourceTitle "playchess.com"]
[Source "ChessBase"]
[SourceQuality "1"]

{[%evp 13,90,18,20,6,4,-5,29,0,0,0,17,8,18,0,11,18,18,0,0,0,0,-14,-12,-12,-8,-8,-16,-23,-10,-10,0,0,-5,0,0,0,0,0,0,0,0,0,7,6,7,6,9,0,0,0,0,0,14,0,0,0,0,0,0,0,0,0,0,0,0,0,0,0,0,0,0,0,0,0,0,0,0,0,0]} 1. e4 e5 2. Nf3 Nc6 3. Bb5 a6 4. Ba4 Nf6 5. O-O Be7 6. Bxc6 dxc6 7. d3 Nd7 8. Nc3 {C85: Closed Ruy Lopez: Deferred Exchange Variation.} O-O 9. Be3 f6 {[#]} 10. a4 $146 {White has an edge.} ({Predecessor:} 10. Qe2 a5 11. Rfd1 Bd6 12. Nb1 a4 13. Nbd2 b5 14. d4 Qe8 15. c3 exd4 16. cxd4 {½-½ (38) Palladino,M (2116)-Svrsek,R (2196) ICCF email 2015}) 10... Nc5 11. d4 exd4 12. Nxd4 Bd6 13. Qf3 Ne6 14. Nf5 Ng5 15. Qe2 Bxf5 16. exf5 Qd7 17. Qg4 Rae8 18. Rad1 h5 19. Qxh5 Qxf5 20. Rd3 g6 21. Qd1 {The position is equal.} Rf7 {[#] Threatens to win with ...Bxh2+!} 22. Bxg5 Qxg5 23. g3 Qf5 24. Kg2 Kg7 (24... Rh7 $5 25. h4 $8 g5 $11) 25. Re1 Rxe1 26. Qxe1 Re7 27. Qd1 Bb4 28. Qf3 Qxf3+ 29. Kxf3 $11 {[%mdl 4096] Endgame KRB-KRN} f5 30. Ne2 Bd6 31. Re3 Rd7 32. Re8 a5 33. h4 Kf7 34. Re3 (34. Ra8 {seems wilder.} b6 35. Nf4 Re7 36. Nd3 Re4 37. b3) 34... Bc5 35. Re5 Rd5 36. Rxd5 cxd5 {KB-KN} 37. b3 c6 38. Nf4 Bd4 39. Nd3 Kf6 (39... b5 {keeps more tension.} 40. Ke2 Ke6 41. Nf4+ Kf7 42. Nd3) 40. Ke2 Ba7 41. c4 dxc4 42. bxc4 Bd4 43. Kd2 Ke6 44. Nf4+ Kf6 45. Nd3 Ke6 {Not much happened in this game.  Weighted Error Value: White=0.03/Black=0.03} 1/2-1/2

[Event "Prague Festival Masters 2021"]
[Site "Prague"]
[Date "2021.06.17"]
[Round "4.2"]
[White "Wojtaszek, Radoslaw"]
[Black "Shankland, Sam"]
[Result "1/2-1/2"]
[WhiteElo "2687"]
[BlackElo "2691"]
[Annotator "TA"]
[PlyCount "48"]
[EventDate "2021.06.13"]
[EventType "tourn"]
[EventCountry "CZE"]
[SourceTitle "playchess.com"]
[Source "ChessBase"]
[SourceQuality "1"]

{[%evp 13,48,22,20,11,16,16,16,16,16,21,14,21,13,7,16,13,27,22,41,41,29,29,44,0,0,0,0,0,0,0,0,0,0,0,0,0,0]} 1. d4 Nf6 2. c4 e6 3. Nf3 d5 4. g3 dxc4 5. Bg2 Nc6 6. Qa4 Bb4+ 7. Bd2 Nd5 8. Qc2 {E04: Open Catalan: 5 Nf3.} b5 9. a4 Bxd2+ 10. Nbxd2 Ncb4 11. Qc1 c6 12. b3 {[#]} c3 $146 ({Predecessor:} 12... cxb3 13. Nxb3 O-O 14. O-O a5 15. Qd2 bxa4 16. Nc5 Ba6 17. Nxa6 Rxa6 18. Rfc1 Qe7 {½-½ (41) Korogodski,L (2296)-Dillenburg,A (2302) ICCF email 2018}) 13. Ne4 bxa4 14. Rxa4 c2 15. Qd2 O-O 16. O-O {[%mdl 1024] White has compensation.} a5 17. Rc1 Ba6 18. Raa1 Qb6 {The position is equal.} 19. Nc5 Rfd8 20. e3 Nf6 21. Qc3 Nfd5 22. Qd2 Nf6 23. Qc3 Nfd5 24. Qd2 Nf6 {Weighted Error Value: White=0.03/Black=0.03} 1/2-1/2

[Event "Prague Festival Masters 2021"]
[Site "Prague"]
[Date "2021.06.17"]
[Round "4.3"]
[White "Abasov, Nijat"]
[Black "Navara, David"]
[Result "1-0"]
[WhiteElo "2665"]
[BlackElo "2697"]
[Annotator "TA"]
[PlyCount "76"]
[EventDate "2021.06.13"]
[EventType "tourn"]
[EventCountry "CZE"]
[SourceTitle "playchess.com"]
[Source "ChessBase"]
[SourceQuality "1"]

{[%evp 9,76,-8,11,10,15,-6,21,11,14,13,8,14,5,17,17,14,15,0,25,-4,-8,-11,-7,-20,-22,-29,-20,-25,184,172,205,209,208,0,0,0,0,0,0,-87,-94,-206,-236,-213,-159,-197,-214,-194,-205,-202,-202,-208,-180,-184,-181,-175,-110,-346,-312,-301,-77,-194,-90,-66,0,0,0,0,0]} 1. d4 Nf6 2. Nf3 d5 3. Bf4 c5 4. e3 Nc6 5. Nbd2 cxd4 6. exd4 {D02: 1 d4 d5 2 Nf3 sidelines, including 2...Nf6 3 g3 and 2...Nf6 3 Bf4.} Bf5 7. Bb5 Rc8 8. Ne5 Qb6 9. Bxc6+ bxc6 10. Nb3 h6 11. O-O e6 {[#]} 12. c4 $146 ({Predecessor:} 12. g4 Bh7 13. c3 Be7 14. Kh1 g5 15. Be3 h5 16. f3 Nd7 17. Nd3 hxg4 18. fxg4 {0-1 (37) Guichard,P (2247)-Dragicevic,D (2161) Melbourne 2017}) 12... Be7 13. Qe2 Qa6 (13... Qb7 {is interesting.} 14. f3 dxc4 15. Nxc4 Qb4 16. Nc5 O-O) 14. Nc5 Bxc5 15. dxc5 O-O 16. g4 Bh7 17. f3 Rfd8 18. Rfe1 dxc4 $2 {[#]} (18... Qb7 $11 {and Black stays safe.}) 19. Nxf7 $1 $18 {[%mdl 576] Discovered Attack, Remove Defender} Kxf7 (19... Rf8 20. Nd6) 20. Qxe6+ Kf8 21. Bd6+ $2 (21. Rad1 $1 $18 {[%cal Rd1d8]} Qb7 22. Rxd8+ Rxd8 23. Bd6+ Rxd6 24. Qxd6+ (24. cxd6 Bd3 $16) 24... Kf7 25. h4) 21... Rxd6 $11 22. Qxd6+ (22. cxd6 $2 {perishes.} Re8 $19) 22... Kg8 23. Re7 Kh8 {Hoping for ...Nd5.} 24. Rae1 (24. Rxg7 $11 Kxg7 25. Qe7+ Kg8 26. Qe6+ Kg7 27. Qe7+ Kg8 28. Qe6+ Kg7 29. Qe7+) 24... Qa5 $1 $17 25. R1e6 (25. Qe5 $17) 25... Qxa2 $19 26. Rb7 {Black must now prevent Rxf6.} Qb1+ 27. Kf2 Bd3 28. Re1 Qc2+ 29. Kg3 {next Rxg7! is good for White.} Qd2 $1 {[%cal Rd2e1]} 30. Qe7 {[%csl Gb7][%cal Re7g7]} Rg8 {And now ...Nd5 would win.} 31. Qe3 {[#]} Qa5 32. Qe5 Re8 (32... h5 $19 {...hxg4 is the strong threat.} 33. gxh5 Qd2) 33. Qc3 $2 (33. Qxe8+ $17 Nxe8 34. Rxe8+ Kh7 35. Ree7) 33... Qd8 34. Re5 Qc8 $2 (34... Nd7 $19 35. Rxe8+ Qxe8) 35. Rbe7 {[#]} (35. Ree7 $17 {was forced.} Rxe7 36. Rxe7) 35... Rxe7 (35... Qb8 $1 $19 {is more deadly. aiming for ...Rxe7.} 36. Rxe8+ Nxe8) 36. Rxe7 $17 Qd8 (36... Qb8+ $15 37. Qe5 Qxe5+ 38. Rxe5 Nd7 39. Re8+ Kh7) 37. Qe5 $11 Bh7 38. Qd6 Qa8 {[%mdl 32768] Quite a comeback for White.  Weighted Error Value: White=0.31/Black=0.34. Loss on time!?} 1-0

[Event "Prague Festival Masters 2021"]
[Site "Prague"]
[Date "2021.06.17"]
[Round "4.4"]
[White "Nguyen, Thai Dai Van"]
[Black "Duda, Jan-Krzysztof"]
[Result "1/2-1/2"]
[WhiteElo "2577"]
[BlackElo "2729"]
[Annotator "TA"]
[PlyCount "67"]
[EventDate "2021.06.13"]
[EventType "tourn"]
[EventCountry "CZE"]
[SourceTitle "playchess.com"]
[Source "ChessBase"]
[SourceQuality "1"]

{[%evp 12,67,25,0,16,23,18,11,32,31,65,37,33,31,34,35,31,31,62,55,72,31,56,46,60,0,23,0,73,56,46,43,60,60,63,41,83,41,50,0,68,0,52,52,42,52,34,31,62,27,45,18,28,6,6,7,20,22]} 1. d4 Nf6 2. c4 e6 3. g3 Bb4+ 4. Nd2 c5 5. a3 Bxd2+ 6. Qxd2 cxd4 7. Nf3 d5 $1 {[%mdl 4] outshines the older 7...b6. E00: Catalan Bogo-Indian (3 g3 Bb4+).} 8. Bg2 dxc4 {Black wants to play ...Nc6.} 9. Qxd4 {[#]} Bd7 $146 ({Predecessor:} 9... Qxd4 10. Nxd4 O-O 11. O-O e5 12. Nb5 Nc6 13. Be3 Bg4 14. Rfe1 Rfd8 15. Rac1 Na5 {½-½ (40) Nguyen,T (2571)-Donchenko,A (2658) Bad Wiessee 2020}) 10. O-O Bc6 11. Qxc4 O-O 12. b4 Nbd7 13. Bb2 Rc8 {[#] And now ...Bxf3 would win.} 14. Rac1 Be4 15. Qd4 Qb6 16. Rfd1 Bc2 17. Re1 Be4 18. Red1 Bc2 19. Re1 Be4 20. Bf1 Bxf3 21. exf3 Qxd4 22. Bxd4 Nb6 23. f4 Rfd8 24. Bc5 Nfd7 25. Bd4 Nf6 26. Bc5 (26. Rxc8 {seems wilder.} Nxc8 27. Rc1 Ne8 28. a4 a6 29. Bc5) 26... Nfd7 27. Be3 Rxc1 28. Rxc1 {Strongly threatening Rc7.} Rc8 29. Rd1 Nd5 30. Bd4 f5 31. Bd3 ({Of course not} 31. Bxa7 b6 $15) 31... g6 32. Bb2 ({But not} 32. Bxa7 b6 $15) 32... Kf7 33. Rc1 N7b6 34. Rxc8 {Weighted Error Value: White=0.18/Black=0.08} 1/2-1/2

[Event "Prague Festival Masters 2021"]
[Site "Prague"]
[Date "2021.06.18"]
[Round "5.1"]
[White "Navara, David"]
[Black "Nguyen, Thai Dai Van"]
[Result "1/2-1/2"]
[WhiteElo "2697"]
[BlackElo "2577"]
[Annotator "TA"]
[PlyCount "143"]
[EventDate "2021.06.13"]
[EventType "tourn"]
[EventCountry "CZE"]
[SourceTitle "playchess.com"]
[Source "ChessBase"]
[SourceQuality "1"]

{[%evp 14,143,33,10,26,16,21,4,20,0,6,0,8,0,26,6,14,0,17,0,12,6,13,10,14,6,7,9,9,10,6,1,7,0,0,-4,-5,-8,-6,-14,-18,-27,-8,-27,0,0,0,0,0,0,-7,0,0,-8,-8,-8,-3,-4,-4,-37,-37,-37,-37,-37,-37,-37,-37,-37,-37,-37,-37,-37,-37,-37,-37,-37,-37,-37,-37,-58,-58,-58,0,-58,-6,-96,-96,-96,0,0,0,0,0,0,0,0,0,0,0,0,0,0,0,0,0,0,0,0,0,0,0,0,0,0,0,0,0,0,0,0,0,0,0,0,0,0,0,0,0,0,0,0]} 1. e4 e5 2. Nf3 Nc6 3. Bc4 Bc5 4. c3 Nf6 5. d3 h6 6. O-O d6 $1 {6...d6 is better than 6...0-0.} 7. Nbd2 O-O 8. h3 (8. b4 $5 {[%cal Rb4c5]} Bb6 9. h3 $11) 8... Bb6 {C54: Giuoco Piano: 4 c3 Nf6, main lines with 5 d4 and 5 d3.} 9. Re1 Ne7 10. d4 Ng6 11. Bb3 Re8 12. Bc2 c6 13. Nf1 Nh5 14. Ne3 {[#]} Nf6 $146 ({Predecessor:} 14... Nhf4 15. Nf5 Qf6 16. g3 Nxh3+ 17. Kg2 d5 18. dxe5 Nxe5 19. Nxe5 Rxe5 20. f4 Rxe4 21. Bxe4 Nf2 22. Qh5 Nxe4 {0-1 (37) Kazhgaleyev,M (2589)-Carlsen,M (2837) Astana 2012}) 15. Nf1 Nh5 16. Ne3 Nf6 17. dxe5 dxe5 18. Qxd8 Rxd8 19. a4 a5 20. Nf5 Be6 21. g3 Ne8 22. h4 Nf6 23. Kg2 Ng4 24. Ne3 Nxe3+ 25. Bxe3 Bxe3 26. Rxe3 f6 27. b4 Bc4 28. Rb1 b5 (28... Rd7 {seems wilder.} 29. Ree1 axb4 30. cxb4 b5 31. Ra1 bxa4 32. Rxa4 Rb8) 29. axb5 cxb5 {White should prevent ...a4.} 30. bxa5 Rxa5 31. Bb3 Bxb3 32. Rxb3 Nf8 33. h5 Ne6 34. Re2 Nc5 35. Rb4 Nd3 36. Rd2 {[#]} Ne1+ $1 37. Kf1 Rxd2 38. Nxd2 $15 {[%mdl 4096] Endgame KRN-KRN} Nd3 39. Rb1 Ra2 40. Ke2 {[#]} Nxf2 41. Kxf2 {Threatens to win with Ke3.} Rxd2+ {KR-KR} 42. Kf3 Rd3+ 43. Kf2 Rxc3 {...Rc5 is the strong threat.} 44. Rxb5 Rc7 45. Rb8+ Kf7 46. g4 Ke7 47. Rb6 Kf7 48. Rb8 $1 g6 ({Black should try} 48... Ke6 $15) 49. hxg6+ (49. Rb6 $11 {keeps the balance.}) 49... Kxg6 $17 50. Rg8+ Rg7 ({Black should play} 50... Kf7 $17 51. Rh8 Rc4) 51. Rxg7+ $11 {The position is equal.} Kxg7 {K3P-KPP} 52. Kg3 Kf7 53. Kh4 Kg6 (53... Kg8 {looks sharper.} 54. Kh5 Kh7 55. Kh4 Kh8 56. Kh5 Kh7) 54. Kh3 $1 Kg5 (54... Kh7 {is more complex.} 55. Kg3 Kg8 56. Kh4 Kf8 57. Kh5 Kg7) 55. Kg3 h5 56. gxh5 Kxh5 {KPP-KP} 57. Kh3 $1 Kg6 58. Kg2 Kf7 59. Kf3 Ke6 60. Ke2 Kd6 61. Kd2 Kc5 62. Kc3 $1 Kc6 (62... Kb5 $5 63. Kb3 $8 Kc5 $11) 63. Kc2 Kb7 (63... Kb5 {is interesting.} 64. Kb3 Kb6 65. Kb2 Kb5 66. Kb3) 64. Kb3 Kc7 {Strongly threatening ...Kd7.} 65. Kc3 $1 Kd8 (65... Kc6 {feels hotter.}) 66. Kd2 Ke7 {And now ...Kf7 would win.} (66... Ke8 {keeps more tension.} 67. Ke2 Kf8 68. Kf2 Kg8 69. Kg2 Kh7) 67. Ke3 Ke6 {Threatening ...Kd6.} 68. Ke2 $1 f5 (68... Kd7 $5 {[%cal Rd7c6]} 69. Kd2 Ke7 $11) 69. exf5+ Kxf5 {( -> ...Ke4)} 70. Kf3 e4+ 71. Ke3 Ke6 72. Kxe4 {Weighted Error Value: White=0.08/Black=0.08} 1/2-1/2

[Event "Prague Festival Masters 2021"]
[Site "Prague"]
[Date "2021.06.18"]
[Round "5.2"]
[White "Shankland, Sam"]
[Black "Abasov, Nijat"]
[Result "1-0"]
[WhiteElo "2691"]
[BlackElo "2665"]
[Annotator "TA"]
[PlyCount "93"]
[EventDate "2021.06.13"]
[EventType "tourn"]
[EventCountry "CZE"]
[SourceTitle "playchess.com"]
[Source "ChessBase"]
[SourceQuality "1"]

{[%evp 13,93,0,0,0,0,-5,0,0,0,0,6,0,0,0,0,0,8,7,42,50,44,45,36,24,40,36,35,38,24,20,35,23,28,13,13,12,14,16,16,16,18,17,22,7,10,10,16,19,24,24,24,8,6,6,26,21,21,22,22,21,22,27,37,0,35,43,104,103,132,71,83,84,139,131,277,277,287,287,290,245,454,293]} 1. d4 Nf6 2. c4 e6 3. Nc3 Bb4 4. e3 O-O 5. Bd2 d5 6. Nf3 b6 7. cxd5 exd5 8. Rc1 {E51: Nimzo-Indian: Rubinstein: 4...0-0 5 Nf3 d5.} Bb7 9. Bd3 Be7 10. O-O {The position is equal.} c5 11. dxc5 bxc5 12. Re1 {[#]} Nbd7 $146 ({Predecessor:} 12... Nc6 13. Bb1 Rc8 14. e4 dxe4 15. Nxe4 Nd4 16. Nxd4 cxd4 17. Rxc8 Bxc8 18. Qa4 Qb6 19. Nxf6+ Qxf6 20. Qxa7 {0-1 (31) Michalik,P (2585)-Navara,D (2719) Pardubice 2020}) 13. e4 c4 14. Bb1 dxe4 15. Nxe4 Nxe4 16. Bxe4 Bxe4 17. Rxe4 Bf6 18. Bc3 Bxc3 19. Rxc3 {[#] Rd4 is the strong threat.} Nb6 20. Qe2 Qd5 21. Re5 Qd6 22. g3 Rad8 23. h4 f6 24. Re4 Qd1+ 25. Kg2 Qxe2 26. Rxe2 Rd7 27. Rec2 Rfd8 28. Ra3 Kf7 29. Ra6 Rc7 30. Nd2 Rdd7 31. Ne4 Kg6 32. Ra5 Rd5 33. Ra3 Re5 34. Nd2 h5 35. Rac3 {[%cal Rd2c4]} Ra5 $1 36. a3 {[%cal Rd2c4]} Ra4 $1 37. Rc1 Kf5 38. b4 Kg6 39. Ne4 {[#] Black must now prevent Nc5.} Nd5 (39... Nd7 $1 $14) 40. Rf3 $16 {Hoping for Nc5.} c3 41. Nxc3 ({White should play} 41. Rd3 Nb6 42. Rdxc3 (42. Rcxc3 Rxc3 43. Rxc3 Ra6 $16) 42... Rxc3 43. Rxc3) 41... Ra6 42. Ne2 Re7 (42... Rxc1 $142 43. Nxc1 Nc7) 43. Nd4 Re4 {This move loses the game for Black.} (43... Rd7 $16) 44. Nb5 $18 Re2 45. Rd3 Ne7 46. Rc7 Rb6 $2 (46... Rc6 47. Rdd7 (47. Rxa7 Rcc2 $16) 47... Rxc7 48. Rxc7 (48. Nxc7 Nc6 $18) 48... Nf5 49. Rxa7 Rd2) 47. Nxa7 {Weighted Error Value: White=0.07/Black=0.16} 1-0

[Event "Prague Festival Masters 2021"]
[Site "Prague"]
[Date "2021.06.18"]
[Round "5.3"]
[White "Duda, Jan-Krzysztof"]
[Black "Van Foreest, Jorden"]
[Result "1-0"]
[WhiteElo "2729"]
[BlackElo "2701"]
[Annotator "TA"]
[PlyCount "126"]
[EventDate "2021.06.13"]
[EventType "tourn"]
[EventCountry "CZE"]
[SourceTitle "playchess.com"]
[Source "ChessBase"]
[SourceQuality "1"]

{[%evp 13,126,46,48,50,66,48,51,67,70,44,50,51,50,42,41,40,54,20,16,21,10,8,60,45,48,55,48,50,54,0,99,63,83,0,0,0,8,15,41,61,106,64,127,106,95,22,59,42,51,39,43,42,43,43,43,36,42,42,43,55,133,114,141,110,175,166,153,154,155,131,346,55,66,39,269,243,254,254,189,0,0,0,0,0,0,0,0,7,12,8,8,17,48,8,20,26,26,0,46,45,45,45,45,45,37,44,610,610,556,530,535,548,29991,29992,29995]} 1. e4 e5 2. Nf3 Nc6 3. Bb5 a6 4. Ba4 Nf6 5. O-O Nxe4 6. d4 Be7 7. Re1 b5 8. Rxe4 {The main line 8.Rxe4 scores better than 8.Bb3. C84: Closed Ruy Lopez: Unusual White 6th moves.} d5 9. Nxe5 Nxe5 10. Rxe5 {White is slightly better.} bxa4 11. Qe2 Be6 12. f4 g6 13. Nc3 a3 14. b3 Bb4 {[#]} 15. Nxd5 $146 ({Predecessor:} 15. Na4 O-O 16. Bd2 Bd6 17. Nc5 Bf5 18. Bb4 Bxe5 19. fxe5 Qh4 20. c3 a5 21. Bxa3 {1-0 (33) Alekseenko,K (2637)-Ernst,S (2540) Caleta 2019}) 15... O-O 16. Qe4 $36 {[%mdl 2048] White is more active.} Bd6 17. Nc3 Bf5 (17... Qd7 $11) 18. Rxf5 $14 gxf5 19. Qxf5 Re8 20. Ne4 {Hoping for Ng5!} Be7 21. Be3 ({Better is} 21. c3 $14) 21... Qc8 (21... Bh4 $1 $11 {keeps the balance.} 22. d5 (22. g3 Qc8 $15) 22... Qc8 23. Nf6+ Bxf6 24. Qxf6 Rxe3) 22. Ng3 Bh4 23. Qd3 (23. Qxc8 $1 $16 Raxc8 24. Nf5) 23... Bxg3 $11 24. hxg3 Qe6 25. Kf2 Qe4 26. Rd1 a5 27. g4 (27. Qxe4 {keeps more tension.} Rxe4 28. g4 Re7 29. Kf3 c6 30. Rd3) 27... c6 ({Black should try} 27... Qg6 $14) 28. Qxe4 $16 Rxe4 {[%mdl 4096] Endgame KRR-KRB} 29. g5 (29. Kf3 $16 Ree8 30. g5) 29... Rae8 30. Rd3 h6 31. gxh6 f5 $1 32. c4 R4e6 33. d5 cxd5 34. cxd5 Rxh6 35. d6 {Strongly threatening Bb6.} Rd8 36. Bc5 Kf7 ({Black should play} 36... Rh1 $1 $14) 37. Rd5 $1 Kf6 38. Bxa3 Rh4 (38... Rh2 $16) 39. Kf3 $18 ({Inferior is} 39. Rxa5 Rxf4+ 40. Ke3 Re4+ 41. Kf3 Rg8 $11) 39... Rh1 40. Rxa5 Rf1+ 41. Ke3 Re8+ $2 (41... Rd1 $16 42. Bb2+ Ke6) 42. Kd3 $2 ({White has to play} 42. Re5 $1 $18 Rxe5+ 43. fxe5+ Ke6 44. Bc5) 42... Rxf4 $14 43. Bc5 {aiming for Bb6.} Rg4 $2 (43... Rg8 $14) 44. Bd4+ Ke6 45. Re5+ Kd7 {[#]} 46. Rxf5 $2 (46. Rxe8 $1 $18 Kxe8 47. a4) 46... Kxd6 $11 47. a4 Rxg2 48. b4 Rg4 49. Bc5+ Ke6 50. Rh5 Reg8 (50... Rb8 {is more complex.} 51. Rh6+ Kd7 52. Rd6+ Kc7 53. Kc3 Rh8) 51. Kc3 R8g5 52. Rh6+ Rg6 53. Rh8 Kd5 54. Rd8+ Kc6 55. a5 {[%cal Ba4a5,Ba5a6,Ba6a7][%mdl 32]} Rh4 56. Kb3 Rh1 57. Rc8+ Kb7 58. Rf8 Kc6 59. Bd4 Rd1 $2 {[%mdl 8192] [#]} (59... Rg4 $14 60. Rf6+ Kd5) 60. a6 $1 $18 {[%cal Ra6a7] White wants to mate with a7.} Rb1+ 61. Ka4 {Threatening mate with a7.} Kd5 62. Bf6 Kc6 63. a7 Kd5 {Weighted Error Value: White=0.22/Black=0.45} 1-0

[Event "Prague Festival Masters 2021"]
[Site "Prague"]
[Date "2021.06.18"]
[Round "5.4"]
[White "Grandelius, Nils"]
[Black "Wojtaszek, Radoslaw"]
[Result "1/2-1/2"]
[WhiteElo "2670"]
[BlackElo "2687"]
[Annotator "TA"]
[PlyCount "61"]
[EventDate "2021.06.13"]
[EventType "tourn"]
[EventCountry "CZE"]
[SourceTitle "playchess.com"]
[Source "ChessBase"]
[SourceQuality "1"]

{[%evp 23,61,10,7,8,12,10,10,10,22,18,28,18,22,12,15,0,0,0,0,-29,33,0,0,0,17,18,29,3,12,5,14,0,6,18,27,0,0,0,21,0]} 1. e4 e5 2. Nf3 Nc6 3. Bb5 a6 4. Ba4 Nf6 5. O-O Be7 6. d3 b5 7. Bb3 d6 8. c3 O-O 9. a4 Bd7 10. Bc2 Re8 11. Re1 h6 {11...Bf8 is vanishing.} 12. Nbd2 {[%cal Bb1d2,Bd2f1,Bf1g3,Bg3e4][%mdl 32]} Bf8 13. h3 {C90: Closed Ruy Lopez with 7...d6: Early deviations.} Rb8 14. axb5 axb5 15. Nf1 b4 16. Ng3 bxc3 17. bxc3 {[#]} Ra8 $146 ({Predecessor:} 17... Qc8 18. d4 Ra8 19. Be3 Rxa1 20. Qxa1 exd4 21. cxd4 Nb4 22. Bb1 Qa6 23. Qc3 c5 {1-0 (48) Koelewijn,A (2282)-Carter,M (2068) ICCF email 2017}) 18. Rb1 d5 19. Bb3 dxe4 20. Nxe4 Be6 21. Be3 Nd5 (21... Nxe4 $11 22. dxe4 Qxd1 23. Rexd1 Bxb3 24. Rxb3 Ra4) 22. Bd2 (22. Ba4 $5 {[%cal Ra4c6]} Bd7 23. Bd2 $11) 22... Nb6 23. Bc2 Nd5 24. Ba4 Bd7 25. Bb3 Nf6 26. Ng3 Bd6 27. Qc2 Be6 28. Ba4 Bd7 29. Bb3 Be6 30. Ba4 Bd7 31. Bb3 {An uneventful encounter.  Weighted Error Value: White=0.09/Black=0.09} 1/2-1/2